Представление документа в формате MARC21

Поле Инд. ПП Название Значение
Тип записи m
Библиографический уровень m
001 Контрольный номер a2d6f39f7c6e438c810c0e47d1599cd9
003 RU/IS/BASE/593537835
005 Дата корректировки 20240415100201.2
008 Кодируемые данные 240318 ru rus u
040 a Служба первич. каталог. Б-ка МАГУ
e Правила каталог. PSBO
041 0_ a Код языка текста рус/rus
084 a Индекс другой классификации/Индекс ББК 28.707.3я73
203 a Вид содержания Текст
c Тип средства электронный
245 10 a Заглавие Основы нейрофизиологии и высшей нервной деятельности
b Продолж. заглавия учеб.-метод. пособие
h Физич. носитель Электронный ресурс
c Ответственность М-во образования и науки РФ, Мурм. арктический гос. ун-т ; [авт.-сост. А. А. Троценко]
260 a Место издания Мурманск
b Издательство МАГУ
c Дата издания 2018
500 a Примечание Электрон. текстовые дан. (файл : 4,5 Мб)
500 a Примечание URL: https://elib.mauniver.ru/2024/MASU/U_11.pdf
500 a Примечание Доступ из локальной сети Мурманского арктического университета. - Загл. с экрана
650 04 a Основная рубрика Физиология человека-Учебно-методические пособия
653 0_ a Ключевые слова Нейрофизиология
653 0_ a Ключевые слова Высшая нервная деятельность
653 0_ a Ключевые слова Сенсорные системы
653 0_ a Ключевые слова МАГУ
653 0_ a Ключевые слова Мурманский арктический государственный университет
700 1_ a Другие авторы Троценко А. А.
e Роль лиц авт.-сост.
856 40 u URL https://elib.mauniver.ru/2024/MASU/U_11.pdf
901 t Тип документа m
952 c Вид литературы учебно-методическое издание